| 000 | 00938nam a22001935i 4500 | ||
|---|---|---|---|
| 001 | 156034 | ||
| 003 | ES-MaACL | ||
| 005 | 20230906210311.0 | ||
| 008 | 051019s1878 sp ae | |||||||| ||spa d | ||
| 040 |
_aCAM _bspa _cCAM |
||
| 110 | 2 |
_aInstituto Provincial de Segunda Enseñanza de Vitoria. _9134539 |
|
| 245 | 1 | 0 |
_aMemoria del Instituto Provincial de Segunda Enseñanza de Vitoria _b: leída en la solemne apertura del curso de 1878 á 1879 / _cpor A. Burrieza y Bratos. |
| 260 |
_aVitoria : _b[s.n.], _c1878 ( _fImprenta de la Diputación Provincial) |
||
| 300 |
_a20, [112] p., [1] h. de plan. ; _c21 cm. |
||
| 599 | _aLa h. de plan., "Planta del Instituto de 2ª Enseñanza de Vitoria" | ||
| 610 | 2 | 4 |
_aInstituto Provincial de Segunda Enseñanza de Vitoria- _xMemorias. _9145013 |
| 700 | 1 |
_aBurrieza y Bratos, Antolín. _932775 |
|
| 852 |
_aES-MaACL _jT-338-F-5 _z-- Enc. hol., falto de la cub. original _z-- Enc. en un vol. facticio |
||
| 999 |
_c156034 _d156034 |
||